000 00234nam a2200085Ia 4500
008 180219s9999 xx 000 0 und d
100 _aBala Nidhi Kiran Lata
245 0 _aTecher Education A Quality Concern
260 _aVinay Rakheja R. Lall Meerut
260 _c2014
999 _c42224
_d42224